Statistics for Asian Geography by Letter - S

Click here to take the quiz!

General Stats

  • This quiz has been taken 68 times
  • The average score is 16 of 20

Answer Stats

HintAnswer% Correct
Mecca and Medina are in this countrySaudi Arabia
100%
Capital of the above countrySeoul
100%
K-pop comes from this countrySouth Korea
100%
Island country south of IndiaSri Lanka
100%
Damascus is the capital of this countrySyria
100%
City in eastern China - the third largest in the world according to UN estimatesShanghai
97%
Vast region of Russia located in Asia; known for its harsh wintersSiberia
97%
Egyptian peninsula located in AsiaSinai
95%
Island city state just south of MalaysiaSingapore
95%
Trade route that spanned across Asia, connecting China to EuropeSilk Road
94%
Capital of YemenSanaa
90%
Largest island entirely within IndonesiaSumatra
79%
Capital of the above country (with a very long name)Sri Jayawardenepura Kotte
76%
Classical Indian language associated with Hinduism, Buddhism, and JainismSanskrit
75%
City of 17.5 million directly north of Hong KongShenzhen
75%
Smallest of the four main islands of JapanShikoku
62%
Official language of the above countrySinhala
59%
Russian republic that is the largest country subdivision in the worldSakha
32%
Historical region and ancient city that was the capital of the northern Kingdom of IsraelSamaria
27%
Georgian name for GeorgiaSakartvelo
14%

Score Distribution

Percentile by Number Answered

Percent of People with Each Score

Your Score History

You have not taken this quiz